Focus supplement (Record no. 76091)

MARC details
000 -LEADER
fixed length control field 00941cab a2200217 4500
001 - CONTROL NUMBER
control field ##L131458
008 - FIXED-LENGTH DATA ELEMENTS--GENERAL INFORMATION
fixed length control field 051104n2005 000 0 eng u
035 ## - SYSTEM CONTROL NUMBER
System control number (Sirsi) u131458
041 0# - LANGUAGE CODE
Language code of text/sound track or separate title eng
100 1# - MAIN ENTRY--PERSONAL NAME
Personal name Pilkington, Lisa
245 00 - TITLE STATEMENT
Title Focus supplement
Remainder of title East Midlands
260 3# - PUBLICATION, DISTRIBUTION, ETC.
Date of publication, distribution, etc. 2005
490 #0 - SERIES STATEMENT
Series statement Estates Gazette
Volume/sequential designation October 2005, 5-47(19) (LOAN)
520 ## - SUMMARY, ETC.
Summary, etc. Covers aspects of the East Midlands commercial property market: market news across the region; round-up of major development schemes; case studies of Derby's city centre development plan and Magna Park, Coventry and Daventry International Rail Freight Terminal distribution parks, and profiles: small developer BASF, Leicester Regeneration Co and key East Midlands players.
590 ## - LOCAL NOTE (RLIN)
Local note IKA081105
690 ## - LOCAL SUBJECT ADDED ENTRY--TOPICAL TERM (OCLC, RLIN)
Topical term or geographic name as entry element PROPERTY-COMMERCIAL PROPERTY-COMMERCIAL PROPERTY MARKET
700 1# - ADDED ENTRY--PERSONAL NAME
Personal name Thame, David
700 1# - ADDED ENTRY--PERSONAL NAME
Personal name Jack, Simon
700 1# - ADDED ENTRY--PERSONAL NAME
Personal name Halstead, Ian
942 ## - ADDED ENTRY ELEMENTS (KOHA)
Suppress in OPAC 0
Holdings
Withdrawn status Lost status Source of classification or shelving scheme Damaged status Not for loan Home library Current library Shelving location Date acquired Total Checkouts Full call number Barcode Date last seen Copy number Price effective from Koha item type
    Dewey Decimal Classification     London London Journal article 04/11/2005   L131458 30070727 06/08/2019 1 06/08/2019 Journal article